Vidas paralelas / (Record no. 17558)

000 -CABECERA
fixed length control field 00993nam a22002057a 4500
003 - IDENTIFICADOR DEL NÚMERO DE CONTROL
control field AR-CdUCM
008 - DATOS DE LONGITUD FIJA--INFORMACIÓN GENERAL
fixed length control field 190405b ||||| |||| 00| 0 spa d
040 ## - FUENTE DE LA CATALOGACIÓN
Agencia/entidad que catalogó originalmente la obra MUNICIPALIDAD PROVINCIAL DEL CUSCO
Entidad que transcribió la catalogación BIBLIOTECA MUNICIPAL DEL CUSCO
082 ## - NÚMERO DE LA CLASIFICACIÓN DECIMAL DEWEY
No. de Clasificación 888.6 /
Notacion interna P68
100 ## - ENTRADA PRINCIPAL--NOMBRE DE PERSONA
Nombre Personal Plutarco
245 ## - MENCIÓN DE TÍTULO
Título Vidas paralelas /
260 ## - PUBLICACIÓN, DISTRIBUCIÓN, ETC.
Lugar de publicación, distribución, etc. México :
Nombre de la editorial, distribuidor, etc. Universidad nacional de México,
Fecha de publicación, distribución, etc. 1921.
300 ## - DESCRIPCIÓN FÍSICA
Nº de Páginas Extensión 455 paginas ;
Dimensiones 18 cm.
505 ## - NOTA DE CONTENIDO CON FORMATO
Nota de contenido formateada Contenido : t.1 : Teseo -- Rómulo -- Comparación de Teseo y Rómulo Licurgo -- Numa -- Comparacion de Lícurgo y Numa -- t.2 : Aristides -- Marco Catón -- Filpemen -- Tito Quincio Flaminino --Pirro -- t.3 : Pericles -- Fabio Maximo -- Comparacion de Pericles y Fabio Máximo -- Alcibiades -- Cayo Marcio Coriolano... t.4. Cimón -- Luculo -- Nicias -- Marco Craso -- Sertorio Éumenes.
650 ## - PUNTO DE ACCESO ADICIONAL DE MATERIA--TÉRMINO DE MATERIA
Descriptor Pensamiento universal
9 (RLIN) 2140
650 ## - PUNTO DE ACCESO ADICIONAL DE MATERIA--TÉRMINO DE MATERIA
Descriptor Literatura
9 (RLIN) 83
650 ## - PUNTO DE ACCESO ADICIONAL DE MATERIA--TÉRMINO DE MATERIA
Descriptor Obras maestras
9 (RLIN) 15062
942 ## - ELEMENTOS DE PUNTO DE ACCESO ADICIONAL (KOHA)
Fuente de clasificación
Tipo de item Libros-BMC
945 ## - PROCESAMIENTO DE INFORMACIÓN LOCAL (OCLC)
Catalogador rah
AAAA-MM-DD - Fecha de ingreso o modificacion 09/05/2019
Holdings
Estado de retiro (separado) Fuente de clasificación o esquema de estanterías Estado dañado Ubicación Sala donde se ubica Nombre de la colección Fecha de adquisición o compra Costo, precio normal en soles Signatura topográfica Código de Barras Última vez visto (Koha) Tipo de ítem (Koha)
No     Sala Humanidades Sala Humanidades Book Cart 2019-05-09 30.00 888.6 / P68 / t.1 SH0000012721 2019-05-09 Libros-BMC

Powered by Koha